000 00710nam a2200241Ia 4500
003 OSt
005 20220918223545.0
006 a|||||r|||| 00| 0
007 ta
008 220917b |||||||| |||| 00| 0 eng d
024 _a223,565
037 _cTextual
040 _aARTS
_cARTS
_beng
041 _2eng
_aeng
082 _aO41v, 111P0
100 _aMair Victor H Ed.
_9146028
245 0 _aShorter Columbia anthology of traditional Chinese literature
260 _aNew York
_bColumbia Univ. press
_c2000
300 _axxx, 741p
_ccm.
650 _aCHINESE LITERATURE; ENGLISH LITERATURE
_966023
942 _hO41v, 111P0
_cTEXL
_2CC
999 _c278806
_d278806